Pokemon commençant par la lettre B- Gen 1 à 9 - Statistiques

Statistiques générales
  • Ce quiz a été pris 63 fois
  • Le résultat moyen est 28 sur 53
Statistiques - réponses
Réponse % Correct
Baggaid
78%
Braségali
78%
Bulbizarre
78%
Baggiguane
76%
Balbuto
76%
Barbicha
71%
Barloche
71%
Brindibou
71%
Blindépique
68%
Babimanta
66%
Bacabouh
66%
Badabouin
66%
Bargantua
63%
Barpau
61%
Bekipan
61%
Boskara
61%
Banshitrouye
56%
Bastiodon
56%
Beldeneige
56%
Boguérisse
56%
Boumata
56%
Brouhabam
56%
Brutalibré
56%
Balignon
54%
Bamboiselle
54%
Bibichut
54%
Bombydou
54%
Bouldeneu
54%
Boustiflor
54%
Branette
54%
Blizzaroi
51%
Blizzi
51%
Brutapode
51%
Baudrive
49%
Bruyverne
49%
Baojian
46%
Batracné
46%
Bekaglacon
46%
Boréas
46%
Braisillon
46%
Brocélôme
46%
Bétochef
44%
Blindalys
41%
Berasca
39%
Bazoucan
37%
Blancoton
37%
Balbalèze
34%
Bébécaille
34%
Blizzeval
34%
Bourrinos
34%
Berserkatt
29%
Briochien
22%
Bleuseille
20%
Aucun quiz correspondant
Distribution des résultats
% des personnes avec chaque résultat
Percentile par nombre de réponses
Votre historique - résultats
Vous n’avez pas pris ce quiz